Marcatori dell'Udinese in UEFA Europa League 2011-2012 - Statistics

Statistiche generali
  • Questo quiz è stato fatto 6 volte
  • Il punteggio medio è 6 su 11
Statistiche sulle risposte
Partita Minuto Marcatore % Corretto
Udinese - Rennes 2-1 39' Antonio Di Natale
100%
Udinese - Celtic 1-1 46' Antonio Di Natale
100%
Udinese - AZ Alkmaar 2-1 3' Antonio Di Natale
100%
Udinese - AZ Alkmaar 2-1 15' Antonio Di Natale
100%
Udinese - Rennes 2-1 83' Pablo Armero
67%
Udinese - Atletico Madrid 2-0 94' Antonio Floro Flores
50%
PAOK - UdInese 0-3 15' Antonio Floro Flores
50%
PAOK - UdInese 0-3 51' Maurizio Domizzi
33%
Udinese - Atletico Madrid 2-0 88' Medhi Benatia
33%
Celtic - Udinese 1-1 88' Almen Abdi
0%
PAOK - UdInese 0-3 6' Danilo
0%
Nessun quiz corrispondente trovato
Distribuzione punteggi
Percentuale di utenti per punteggio
Percentile per numero di risposta
I tuoi punteggi nel tempo
Non hai fatto questo quiz